00751cam a22002534a 45000010009000000050017000090080041000260100017000670200015000840400018000990410008001170420008001250430012001330800013001450820020001581000007001781010008001852450065001935040053002589060045003119420012003569990017003689520112003851395485920180309071544.0050506s2006 caua b 001 0 eng  a 2005927097 a0534575854 aDLCcDLCdDLC aeng apcc an-us--- a361.320 00a361.320 BRU2221 a50 aSOC14aThe practice of macro social work /cWilliam G. Brueggemann. aIncludes bibliographical references and indexes. a7bcbccorigcopd3eepcnf20gy-gencatlg 2ddccBK c44568d44568 00102udc40708PËKGa002b002cKLMd2018-03-09l0o361.320 BRUp002-3001514r2018-03-09w2018-03-09yBK